Archivo General de Indias

Bibliografiset tiedot
Yhteisötekijä: España. Ministerio de Educación, Cultura y Deportes
Aineistotyyppi: Kirja
Kieli:espanja
Julkaistu: España : Ministerio de Educación, Cultura y Deportes, sin fecha
Aiheet:

MARC

LEADER 00000nam a2200000Ia 4500
008 170307bsf s ||||| |||| 00| | spa d
999 |c 1135  |d 1135 
090 |a 19.01.06  |b  689 
110 1 |a España. Ministerio de Educación, Cultura y Deportes  |9 2511 
245 1 0 |a Archivo General de Indias 
260 |a España :   |b Ministerio de Educación, Cultura y Deportes,   |c sin fecha 
300 |a 16 páginas 
610 2 0 |9 2512  |a ARCHIVO GENERAL DE INDIAS 
650 1 4 |9 2206  |a DOCUMENTACIÓN  
650 1 4 |9 2189  |a ARCHIVO 
942 |i 001105  |h 19.01.06 689  |2 z  |c 01